Illustrirtes Wörterbuch der Römischen Alterthümer...

Bibliographic Details
Format: Book
Language:Undetermined
PhysicalDescription:716 s.
Published: Patis Firmin Didot Fréres, Fils & Cie 1862
Edition:1.vyd.

MARC

LEADER 00000nam a2200000 a 4500
001 vtls001455593
003 SK-MaSNL
005 20260224142231.0
008 180810s1862 xx 0 und
035 |a SNK000410900 
040 |a SNK  |b slo  |c SNK  |e AACR2 
041 0 |a und 
044 |a xx 
245 1 |a Illustrirtes Wörterbuch der Römischen Alterthümer... 
250 |a 1.vyd. 
260 |a Patis  |b Firmin Didot Fréres, Fils & Cie  |c 1862 
300 |a 716 s. 
958 |a ONDV 
999 |c 1040621  |d 1042551 
952 |t P60, <04>, [BOOK], {604}  |a SNK  |b SNK  |y VYP  |7 0  |p 17A0386275  |o snkID 27536  |i snkD 460/61  |0 0  |1 0  |4 0  |d 2003-06-20  |l 0  |r 2005-01-02 00:00:00  |w 2026-02-24